|
|
|
|
| LEADER |
00000nam a2200000 a 4500 |
| 001 |
vtls001096636 |
| 003 |
SK-MaSNL |
| 005 |
20260301233121.0 |
| 008 |
240226s1995 xo r 0 0 0 slo |
| 015 |
|
|
|a SNBA1996/0200426
|
| 020 |
|
|
|a 8007007644
|c (3300 výt.)
|
| 035 |
|
|
|a SNK000039478
|
| 035 |
|
|
|a urn:nbn:sk:snk-amkeb2
|
| 035 |
|
|
|a urn:nbn:sk:snk-am003opl
|
| 035 |
|
|
|a 14A37A25-C38E-4F43-8F4E-01042D644543
|
| 040 |
|
|
|a SNK
|b slo
|c SNK
|e AACR2
|
| 041 |
|
|
|a slo
|
| 044 |
|
|
|a xo
|c SK
|
| 080 |
|
|
|a 371.214.112:91(073)
|2 2001
|
| 080 |
|
|
|a 37.016:91(073)
|2 2001
|
| 080 |
|
|
|a 91(073)
|2 2001
|
| 245 |
0 |
0 |
|a Učebné osnovy zemepisu pre 5. až 8. ročník ZŠ
|
| 250 |
|
|
|a 1. vyd.
|
| 260 |
|
|
|a Bratislava
|b Príroda
|a Bratislava
|b Ministerstvo školstva SR [vyd.]
|c 1995
|
| 300 |
|
|
|a 18 s.
|c 21 cm
|
| 650 |
0 |
7 |
|a geografia
|2 SNKPH
|9 823
|
| 650 |
0 |
7 |
|a základné školy
|2 SNKPH
|9 1280
|
| 655 |
|
7 |
|a príručky
|2 SNKPH
|9 74364
|
| 655 |
|
7 |
|a učebné osnovy
|2 SNKPH
|9 60479
|
| 919 |
|
|
|a 80-07-00764-4
|
| 958 |
|
|
|a TL
|
| 958 |
|
|
|a UO
|
| 999 |
|
|
|c 964613
|d 966543
|
| 952 |
|
|
|a SNK
|b SNK
|y PREZ
|7 0
|p 17A1014066
|o snkSC 89466
|0 0
|1 0
|4 0
|d 2012-08-21
|f 1
|l 0
|r 2025-09-08 00:00:00
|w 2026-02-24
|
| 952 |
|
|
|t P60, <09>, [BOOK], {629}
|a SNK
|b SNK
|y NEVYP
|7 0
|o snkC 2061
|i snk4060/951201
|0 0
|1 0
|4 0
|d 1995-11-30
|l 0
|r 2004-12-31 00:00:00
|w 2026-02-24
|
| 952 |
|
|
|t P60, <03>, [BOOK], {603}
|a SNK
|b SNK
|y PREZ
|7 0
|o snkSC 89466
|i snkKSP 9959/95
|0 0
|1 0
|4 0
|d 1995-11-30
|l 0
|r 2004-12-31 00:00:00
|w 2026-02-24
|
| 952 |
|
|
|t P60, <04>, [BOOK], {604}
|a SNK
|b SNK
|y VYP
|7 0
|p 17A0005867
|o snkSC 89466 D1
|i snkKSP 9960/95
|0 0
|1 0
|4 0
|d 1995-11-30
|l 0
|r 2004-12-31 00:00:00
|w 2026-02-24
|